Plus Grandes Villes de France par Lettre - I - Statistiques

Statistiques générales
  • Ce quiz a été pris 216 fois
  • Le résultat moyen est 5 sur 12
Réponses sur la Carte
Les réponses sont colorées sur une échelle allant du rouge au vert en fonction du pourcentage des utilisateurs qui les ont devinées à leur premier essai. Vous pouvez retrouver ces pourcentages ci-dessous.
 
Statistiques - réponses
Population Ville % Correct
44 577 Istres
79%
68 580 Issy-les-Moulineaux
77%
64 001 Ivry-sur-Seine
75%
15 014 Issoire
57%
10 992 Issoudun
52%
27 118 Illkirch-Graffenstaden
37%
11 981 Ifs
15%
10 213 Igny
15%
19 965 L'{Isle}-{sur}-{la}-{Sorgue}
15%
17 206 L'{Isle}-{d}'{Abeau}
14%
14 829 Illzach
10%
11 846 L'{Isle}-{Adam}
9%
Aucun quiz correspondant
Distribution des résultats
% des personnes avec chaque résultat
Percentile par nombre de réponses
Votre historique - résultats
Vous n’avez pas pris ce quiz